Football Managers by picture - Statistics

General Stats
  • This quiz has been taken 72 times
  • The average score is 12 of 20
Answer Stats
Picture Answer % Correct
Zinedine Zidane
98%
Jose Mourinho
97%
Sir Alex Ferguson
97%
Arsene Wenger
95%
Pep Guardiola
95%
Carlo Ancelotti
94%
Louis Van Gaal
90%
Johan Cruyff
71%
Fabio Capello
68%
Vicente Del Bosque
68%
Marcelo Lippi
44%
Brian Clough
40%
Arrigo Sacchi
39%
Giovanni Trapattoni
39%
Bob Paisley
32%
Bill Shankly
31%
Rinus Michels
29%
Ottmar Hitzfeld
23%
Helenio Herrera
16%
Miguel Munoz
5%
No matching quizzes found
Score Distribution
Percent of People with Each Score
Percentile by Number Answered
Your Score History
You have not taken this quiz